Jeux Vidéo par images d'antagonistes #2 - Statistiques

Statistiques générales
  • Ce quiz a été pris 85 fois
  • Le résultat moyen est 9 sur 20
Statistiques - réponses
Par images Réponse % Correct
Red Dead Redemption 2
85%
Five Nights at Freddy's
82%
Diablo IV
68%
Portal
66%
Elden Ring
58%
Clair Obscur: Expedition 33
55%
Hades
55%
Undertale
53%
Assassin's Creed II
51%
Crash Bandicoot
51%
Kingdom Hearts
48%
Hogwarts Legacy
34%
Professeur Layton
30%
Ratchet & Clank
29%
Rayman
27%
Fallout New Vegas
23%
Metroid
19%
Horizon Zero Dawn
8%
Uncharted 4
8%
Max Payne 2
3%
Aucun quiz correspondant
Distribution des résultats
% des personnes avec chaque résultat
Percentile par nombre de réponses
Votre historique - résultats
Vous n’avez pas pris ce quiz